Statistics for PSG Record Transfers

Click here to take the quiz!

General Stats

  • This quiz has been taken 2,340 times
    (2,129 since last reset)
  • The average score is 7 of 10

Answer Stats

YearCountryPositionFromTransfer FeePlayer% Correct
2013-2014UruguayFWNaples64,5M€Edinson Cavani
98%
2015-2016ArgentinaFWManchester United63M€Angel Di Maria
96%
2012-2013BrazilDFAC Milan42M€Thiago Silva
91%
2014-2015BrazilDFChelsea49,5M€David Luiz
87%
2011-2012ArgentinaMDPalermo42M€Javier Pastore
74%
2013-2014BrazilDFAS Roma31,4M€Marquinhos
70%
2012-2013ArgentinaFWNaples28,95M€Ezequiel Lavezzi
67%
2012-2013BrazilFWSao Paulo40M€Lucas Moura
63%
2013-2014FranceMDNewcastle25M€Yohan Cabaye
45%
2000-2001FranceFWReal Madrid34,5M€Nicolas Anelka
39%

Score Distribution

Percentile by Number Answered

Percent of People with Each Score

Your Score History

You have not taken this quiz since the last reset